000 00605nam a2200181Ia 4500
008 090124s9999 xx 000 0 und d
082 _b47357
100 _aघायाळ विनायक
245 _a चालू घडामोडी प्रश्नसंच
250 _a3
260 _c2008
300 _a197
600 _aघायाळ विनायक
630 _a चालू घडामोडी प्रश्नसंच
700 _aघायाळ विनायक
730 _a चालू घडामोडी प्रश्नसंच
942 _cBOOK
999 _c113587
_d113587